LEADER 01344nam a2200265 i 4500 001 000000080746 003 CaOOAMICUS 005 20170607000000.0 008 170607s1796 it u000 u ita u 013 $a52984 026 $ae.ha o,fa 7.c. V.qu (3) 1796 (F) 040 $aSeMil$bita 245 10$aOsservazioni critiche sopra la storia di Corsica colla descrizione storico-geografica della medesima, dell'abate Francesco Ottaviano Renucci. 260 $aMilano :$bDallo Stampatore Luigi Veladini in contrada Santa Radegonda,$canno IV. della Rep. Fr. (1796 v.s.) 300 $a[6], 292, [2] p. ;$c8°. 500 $aSegn.: pg4 a-s8. 650 4$aCorsica - Storia.$0(OLS)http://semarc/subject/44747 700 1 $aRenucci, Francesco Ottaviano.$0(OLS)http://semarc/name/89754 700 1 $aVeladini, Luigi,$c.$0(OLS)http://semarc/name/70786 850 $aSeMil 852 $aSeMil$W1$xVenegono$y1$m3U IV 19 FA$j46151$B46151$CSeMilBibl$Z2$F48343 $8I 941 1 $a10 961 $aRecupero: Mantegazza 996 $6245$aOsservazioni critiche sopra la storia di Corsica colla descrizione storico-geografica della medesima, dell'abate Francesco Ottaviano Renucci$9(OLS)http://semarc/title/404124 996 $6260$aMilano :$bDallo Stampatore Luigi Veladini in contrada Santa Radegonda$9(OLS)http://semarc/publisher/56556 LEADER 00865nam a2200217 i 4500 001 000000109356 003 CaOOAMICUS 005 20161109000000.0 008 161109s1918 it u000 u ita u 013 $a82036 040 $aSeMil$bita 100 1 $aBartók, Béla <1881-1945>.$0(OLS)http://semarc/name/2766 245 10$aAllegro barbaro :$bpiano solo /$cBéla Bartók. 260 $aVienna :$bUniversal Edition,$ccopyr. 1918. 300 $a1 partitura :$b7 p. ;$c31 cm. 650 4$aBartók, Béla <1881-1945> - Opere.$0(OLS)http://semarc/subject/781 850 $aSeMil 852 $aSeMil$W1$xVenegono$y1$m5D XI 19/2$j65352$B65352$CSeMilBibl$Z2$F72794 $81 961 $aOmaggio: Colombo don Alberto 996 $6245$aAllegro barbaro :$bpiano solo$9(OLS)http://semarc/title/158733 996 $6260$aVienna :$bUniversal Edition$9(OLS)http://semarc/publisher/43364